000 00384nam a2200157Ia 4500
008 230524s9999 xx 000 0 und d
082 _a621.38
_bKUN
100 _aPrabha Kundur
245 0 _aPower System Stability and Control
250 _a1ST
260 _aNEW DELHI
_bTMH
_c2007
300 _a"XVII,1167"
500 _aQuantity Number: 2
650 _aElectrical
942 _cBK
999 _c37285
_d37285